[Event "TUR Cup"]
[Site "Denizli"]
[Date "2023.07.21"]
[Round "8"]
[White "Yontem, Emir Fehim"]
[Black "Korkmaz, Mustafa Talha"]
[Result "1-0"]
[WhiteElo "1398"]
[BlackElo "1203"]
[PlyCount "68"]
[EventDate "2023.07.16"]
[EventType "team-tourn"]
[EventRounds "9"]
[EventCountry "TUR"]
[SourceTitle "CBM 215 Extra"]
[Source "ChessBase"]
[SourceDate "2023.09.30"]
[SourceVersion "1"]
[SourceVersionDate "2023.09.30"]
[SourceQuality "1"]

1. d4 Nf6 2. Nf3 e6 3. c4 d5 4. Nc3 c5 5. dxc5 Bxc5 6. a3 0-0 7. b4 Be7 8. Bb2 Re8 9. e3 b6 10. cxd5 exd5 11. Bb5 Bd7 12. 0-0 Bxb5 13. Nxb5 Nc6 14. Rc1 Rc8 15. Nfd4 Nxd4 16. Qxd4 Qd7 17. Qd3 Ne4 18. Rfd1 Red8 19. Rxc8 Rxc8 20. Qxe4 Qxb5 21. Qxe7 Qe2 22. Rf1 Qxb2 23. Qd7 Qc3 24. Qxa7 Qc6 25. Qa6 Ra8 26. Qd3 Qc4 27. Rd1 Rc8 28. g3 Qxd3 29. Rxd3 Kf8 30. Kf1 Ra8 31. Ke2 Ke7 32. Kd2 Ke6 33. Rc3 Kd6 34. Kd3 Ra7 1-0